MARC details
| 000 -LEADER |
| campo de control de longitud fija |
01610nac a22003017a 4500 |
| 003 - IDENTIFICADOR DE NÚMERO DE CONTROL |
| campo de control |
Co-PeBPM |
| 005 - FECHA Y HORA DE LA ÚLTIMA TRANSACCIÓN |
| campo de control |
20240507202616.0 |
| 007 - CAMPO FIJO DE DESCRIPCIÓN FÍSICA--INFORMACIÓN GENERAL |
| campo de control de longitud fija |
ta |
| 008 - DATOS DE LONGITUD FIJA--INFORMACIÓN GENERAL |
| campo de control de longitud fija |
240507s2016 ck ||||| |||| 00| 0 spa d |
| 020 ## - NÚMERO INTERNACIONAL ESTÁNDAR DEL LIBRO |
| Número Internacional Estándar del Libro |
9789584689900 |
| 040 ## - FUENTE DE CATALOGACIÓN |
| Centro catalogador/agencia de origen |
Co-PeBPM |
| Lengua de catalogación |
spa |
| Centro/agencia transcriptor |
Co-PeBPM |
| Normas de descripción |
rda |
| 041 ## - CÓDIGO DE IDIOMA |
| Código de lengua del texto/banda sonora o título independiente |
spa |
| 082 04 - NÚMERO DE LA CLASIFICACIÓN DECIMAL DEWEY |
| Número de clasificación |
Co863 S486s |
| Número de edición |
22 |
| 100 1# - ENTRADA PRINCIPAL--NOMBRE DE PERSONA |
| Nombre de persona |
Serna Arango, Julián |
| Fechas asociadas al nombre |
1953- , |
| Término indicativo de función/relación |
autor |
| 245 10 - MENCIÓN DEL TÍTULO |
| Título |
Sólo lo efímero es real |
| Mención de responsabilidad, etc. |
/ Julián Serna Arango |
| 250 1# - MENCION DE EDICION |
| Mención de edición |
Primera edición |
| 260 ## - PUBLICACIÓN, DISTRIBUCIÓN, ETC. |
| Lugar de publicación, distribución, etc. |
México |
| Nombre del editor, distribuidor, etc. |
: Ediciones Sin Nombre, |
| Fecha de publicación, distribución, etc. |
2016 |
| 300 ## - DESCRIPCIÓN FÍSICA |
| Extensión |
145 páginas |
| Dimensiones |
21 centímetros |
| 490 ## - MENCIÓN DE SERIE |
| Mención de serie |
Los Libros de la Oruga |
| 500 ## - NOTA GENERAL |
| Nota general |
Incluye índice |
| 500 ## - NOTA GENERAL |
| Nota general |
Contiene datos biográficos del autor en la solapa del texto |
| 520 ## - RESUMEN, ETC. |
| Sumario, etc. |
El autor busca en este libro un ejercicio de síntesis literaria de ideas, conceptos y reflexiones que ha manejado en otros libros, justamente para liberarlos de su condición de tesis filosóficas. No es poco riesgo, pues al realizar el proceso de traslado se pueden ver transformados en formulaciones vacías, solo sostenidas en la solemnidad de su enunciación. Pero el autor consigue superar esa dificultad al construir verdaderas piezas literario-conceptuales, que desbloquean el sentido cerrado del sistema reflexivo. A diferencia del uso genérico del aforismo en libros anteriores, en éste procede de forma diferente: la paradoja se transforma en narración al margen de la historia principal. |
| 650 1# - PUNTO DE ACCESO ADICIONAL DE MATERIA--TÉRMINO DE MATERIA |
| Término de materia o nombre geográfico como elemento de entrada |
Cuentos colombianos |
| Fuente del encabezamiento o término |
Lemb |
| 650 1# - PUNTO DE ACCESO ADICIONAL DE MATERIA--TÉRMINO DE MATERIA |
| Término de materia o nombre geográfico como elemento de entrada |
Cuentos amorosos |
| Fuente del encabezamiento o término |
Lemb |
| 650 1# - PUNTO DE ACCESO ADICIONAL DE MATERIA--TÉRMINO DE MATERIA |
| Término de materia o nombre geográfico como elemento de entrada |
Filosofía |
| Fuente del encabezamiento o término |
Lemb |
| Subdivisión de forma |
Cuentos |
| 650 1# - PUNTO DE ACCESO ADICIONAL DE MATERIA--TÉRMINO DE MATERIA |
| Término de materia o nombre geográfico como elemento de entrada |
Tiempo |
| Fuente del encabezamiento o término |
Lemb |
| Subdivisión de forma |
Poesías |
| 942 ## - ELEMENTOS DE ENTRADA SECUNDARIOS (KOHA) |
| Fuente del sistema de clasificación o colocación |
Clasificación Decimal Dewey |
| Tipo de ítem Koha |
Libros |
| Suprimir en OPAC |
No |